Ottoman Sultans - Sudden Death - Statistics

General Stats
  • This quiz has been taken 108 times
  • The average score is 15 of 36
Answers on the Grid
Answers color-coded by a green-red scale on the quiz's grid according to % correct below.
Abdulaziz
Abdullah I
Abdullah II
Abdülmecid I
Abdul Hamid I
Abdul Hamid II
Abu Bakr
Ahmed I
Ahmed II
Ahmed III
Bayezid I
Bayezid II
Bayezid III
Faisal I
Fuad I
Hakan I
Hakan II
Ibrahim
Ismail I
Ismail II
Mahmud I
Mahmud II
Mehmed I
Mehmed II
Mehmed III
Mehmed IV
Mehmed V
Mehmed VI
Murad I
Murad II
Murad III
Murad IV
Murad V
Mustafa I
Mustafa II
Mustafa III
Mustafa IV
Orhan
Osman I
Osman II
Osman III
Selim I
Selim II
Selim III
Suleiman I
Suleiman II
Suleiman III
Umar
 
Answer Stats
Answer % Correct
Abdulaziz
58%
Ahmed I
58%
Abdul Hamid I
56%
Bayezid I
56%
Osman II
54%
Mehmed II
52%
Bayezid II
50%
Mehmed I
50%
Osman I
50%
Selim II
50%
Ahmed II
48%
Mehmed III
48%
Abdul Hamid II
46%
Murad I
46%
Selim I
46%
Suleiman I
46%
Mehmed IV
42%
Mehmed V
42%
Murad II
42%
Suleiman II
42%
Abdülmecid I
38%
Ahmed III
38%
Mustafa I
38%
Orhan
38%
Ibrahim
37%
Mahmud I
37%
Murad III
37%
Mahmud II
35%
Mehmed VI
35%
Murad IV
35%
Osman III
33%
Selim III
31%
Mustafa II
29%
Murad V
25%
Mustafa III
25%
Mustafa IV
19%
No matching quizzes found
Score Distribution
Percent of People with Each Score
Percentile by Number Answered
Your Score History
You have not taken this quiz